Pulvermetallurgie rasch erstarrter Aluminium-Lithium-Legierungen /
Guardado en:
| Autores principales: | , |
|---|---|
| Formato: | Libro |
| Lenguaje: | alemán |
| Publicado: |
Düsseldorf :
Aluminium Verlag,
1987
|
| Materias: | |
| Etiquetas: |
Sin Etiquetas, Sea el primero en etiquetar este registro!
|
MARC
| LEADER | 00000nam a22000003a 4500 | ||
|---|---|---|---|
| 001 | stu44553 | ||
| 005 | 20150617225718.9 | ||
| 008 | 950424s1987----gw------------------ger-d | ||
| 020 | |a 3-87017-199-5 | ||
| 040 | |a STU |b slo | ||
| 041 | 0 | |a ger | |
| 044 | |a gw | ||
| 080 | |a 669.15 | ||
| 100 | 1 | |a Schlump, W |4 aut | |
| 245 | 1 | |a Pulvermetallurgie rasch erstarrter Aluminium-Lithium-Legierungen / |c [aut.]W. Schlump, H. Grewe | |
| 260 | |a Düsseldorf : |b Aluminium Verlag, |c 1987 | ||
| 300 | |a Nestr | ||
| 650 | 7 | |a legovanie |2 stusub | |
| 700 | 1 | |a Grewe, H |4 aut | |
| 996 | |b 284M025776 |c M*9096-1 |l MMKN |s A |a 24 |w stu44553_0001 | ||